Moons of The Solar System - Statistics

General Stats
  • This quiz has been taken 28 times
  • The average score is 15 of 20
Answer Stats
Picture Answer % Correct
Europa
88%
Io
88%
Titan
88%
Callisto
82%
Charon
82%
Ganymede
82%
Luna
82%
Enceladus
76%
Iapetus
76%
Mimas
76%
Rhea
76%
Dione
71%
Miranda
71%
Tethys
71%
Titania
71%
Triton
71%
Umbriel
65%
Ariel
59%
Oberon
53%
Proteus
35%
No matching quizzes found
Score Distribution
Percent of People with Each Score
Percentile by Number Answered
Your Score History
You have not taken this quiz